LDR 00629naa#a2200181#i#450# 001 EN\\bibl\125863 005 20260629154113.1 011 ## _a2223-4608 100 ## _a20260630b2026####ek#y0engy0150####ca 102 ## _aRU 200 1# _aHigh-tech manufacturing with limited tool access to the processing area _eJournal article 210 1# _aBryansk _cBryansk State Technical University _d2026 215 ## _a6 с. 608 ## _aJournal article _2local 675 ## _aХимическая и электрохимическая обработка. 621.9.047 _z 700 #1 _aSmolentsev _gVladislav P. 700 #1 _aUrazov _gOleg Vladimirovich 856 4# _azh-szf.ru _u